Word Scramble Fruits - Statistics

General Stats
  • This quiz has been taken 1,206 times
  • The average score is 15 of 16
Answer Stats
Scramble Fruit % Correct
EPALP Apple
99%
NABNAA Banana
99%
AREP Pear
99%
AOTMOT Tomato
98%
MENLO Lemon
97%
MELI Lime
97%
UBERYLERB Blueberry
96%
NMEOL Melon
96%
PAAYAP Papaya
96%
PPEAPIENL Pineapple
96%
AOENGR Orange
95%
EYRWRSTABR Strawberry
95%
RERHYC Cherry
93%
RLKEARYBBC Blackberry
92%
SAGPER Grapes
87%
TRANAEMOPG Pomegranate
80%
No matching quizzes found
Score Distribution
Percent of People with Each Score
Percentile by Number Answered
Your Score History
You have not taken this quiz